00414pab a2200145 454500008004000000100001700040245008600057260000900143300001400152362001200166650001500178650001100193650002500204773003900229180718b2008 xxu||||| |||| 00| 0 eng d aSingh, Richa aEducation, skills and vocational training and access to rural non-farm employment c2008 ap.901-09. aOct-Dec aEmployment aSkills aVocational education aIndian Journal of Labour Economics